000 00551nam a2200193Ia 4500
005 20250508164807.0
008 008 250505s9999 xx 000 0 eng d
037 _aTheses
040 _aFEDL
_beng
_cFEDL
041 _aeng
_2eng
084 _a507, NUT/TH
_qFEDL
100 _aNutan Bharti
_9779181
245 0 _aEvaluative study of the UGC televison programmes for teaching sciences
260 _c1999
300 _axii,345p.
546 _aPH.D Thesis (Delhi University)
942 _cTH
_h507, NUT/TH
999 _c1391219
_d1391219